All Clubs Zlatan Ibrahimovic Has Played For - Statistics

General Stats
  • This quiz has been taken 64 times
  • The average score is 7 of 9
Answer Stats
Hint Answer % Correct
2010-20122020-2023 AC Milan
100%
2006-2009 Inter Milan
96%
2009-2011 Barcelona
92%
2012-2016 Paris Saint Germain
92%
2018-2020 LA Galaxy
85%
2016-2018 Manchester United
83%
2001-2004 Ajax
81%
2004-2006 Juventus
75%
1991-2001 Malmo FF
31%
No matching quizzes found
Score Distribution
Percent of People with Each Score
Percentile by Number Answered
Your Score History
You have not taken this quiz